[Event "Kishinev Binefacere op"]
[Site "Kishinev"]
[Date "2007.04.29"]
[Round "9"]
[White "Vetrila, Sandra"]
[Black "Mashtakov, Evgeny"]
[Result "1-0"]
[WhiteElo "1998"]
[BlackElo "2060"]
[PlyCount "49"]
[EventDate "2007.04.21"]
[EventType "swiss"]
[EventRounds "9"]
[EventCountry "MDA"]
[SourceTitle "CBM 118 Extra"]
[Source "ChessBase"]
[SourceDate "2007.07.04"]
[SourceVersion "1"]
[SourceVersionDate "2007.07.04"]
[SourceQuality "1"]

1. e4 c5 2. Nf3 e6 3. c4 g5 4. d4 h6 5. Nc3 Bg7 6. Nb5 d5 7. exd5 exd5 8. cxd5 a6 9. Qa4 Bd7 10. dxc5 axb5 11. Qxa8 g4 12. Bf4 gxf3 13. Qxb8 Bxb2 14. Qxd8+ Kxd8 15. Rb1 Bc3+ 16. Bd2 b4 17. Bxc3 bxc3 18. Rxb7 Nf6 19. Rb8+ Bc8 20. Ba6 Re8+ 21. Kd1 Re5 22. Rxc8+ Kd7 23. gxf3 Nxd5 24. Rb8 Kc7 25. Rb3 1-0